Score 0/20 Timer 04:00
0 Plays Today
Question Answer Wrong Answers
Women typically carry their body fat in their ______ hips and thighs
88.3%
abdomen
10.9%
From about age 14 to 51, women typically need more ____ than men. This is due to their loss of blood during menstruation iron
87.2%
calcium
11.1%
Women have a ______ pain threshold than men higher
85.2%
lower
12.3%
Women ______ than men. And this is not only true for human females. Female orangutans and chimpanzees are the same live longer
85%
sleep less
10.3%
The female body has a _____ resistance to alcohol lower
81.7%
higher
12.5%
The anterior cingulate cortex, the part of the brain that weighs options when making a decision is ______ in women than in men larger
78%
smaller
18.9%
Women earn more than 60% of all _________ in the United States college degrees
76.5%
taxable income
20.4%
On average, the female brain is ____ smaller than its male counterpart. But this has no effect on cognitive abilities since the cell count is the same and they are just packed densely 9%
73.3%
15%
25.3%
Women make up ____ of all refugees and displaced people 80%
69.1%
50%
30%
Because of the high production of estrogen during puberty, girls’ brains generally mature _____ years earlier than boys’ two
68.1%
five
31.7%
Women typically have _____ blood pressure than men—regardless of race or ethnicity lower
67.5%
higher
32.5%
As of 2016, the average height for American women 20 years old and up is just under ______ 5 foot 4 inches
66%
5 foot 7 inches
30.5%
When you take the average number of lipsticks bought throughout a lifetime and their average wearability, it comes down to women licking off or eating with food about ____ of lipstick in their life 4 lbs
58.2%
8 lbs
38.7%
More than _____ women in the world have HIV/AIDS 16.4 million
57.6%
21.5 million
40.3%
The female heart is programmed to beat _____ than a male heart faster
56.6%
slower
37.2%
Women are born with about _____ egg cells. 300,000
52.3%
100,000
44.6%
________ a woman dies during pregnancy or childbirth Every 90 seconds
46.3%
Every 90 minutes
49.8%
The average American woman 20 years old and up weighs _______ 166 pounds
37.5%
140 pounds
58%
Women’s make-up in ancient Rome was made of a wide variety of ingredients, including lead, olive oil, saffron, and the _____ of gladiators! sweat
34.2%
blood
63%
Women _____ more often than men due to the higher levels of the hormone estrogen within their system blink
26.5%
urinate
73.5%
Remove Ads.
Support Sporcle.
Get the best of Sporcle when you Go Orange. This ad-free experience offers more features, more stats, and more fun while also helping to support Sporcle. Thank you for becoming a member.

You're not logged in!

Compare scores with friends on all Sporcle quizzes.
OR
Log In

Show Comments

Extras

Top Quizzes Today


Score Distribution

Your Account Isn't Verified!

In order to create a playlist on Sporcle, you need to verify the email address you used during registration. Go to your Sporcle Settings to finish the process.

Report this User

Report this user for behavior that violates our Community Guidelines.

Details: